|
|
|
|
| LEADER |
01805nam a2200325 a 4500 |
| 001 |
14505130 |
| 008 |
091011s2006 bg a b 101 0 eng d |
| 010 |
|
|
|a 2006414387
|
| 020 |
|
|
|a 9840517554
|
| 040 |
|
|
|a DLC
|c DLC
|
| 082 |
0 |
4 |
|a 338.95492
|2 22
|
| 245 |
0 |
0 |
|a Growth and poverty :
|b the development experience of Bangladesh /
|c editors Sadiq Ahmed, Wahiduddin Mahmud.
|
| 260 |
|
|
|a Dhaka :
|b The University Press,
|c 2006.
|
| 300 |
|
|
|a xxii, 315 p. :
|b ill. ;
|c 22 cm.
|
| 520 |
|
|
|a Contributed articles presented at a seminar held in Dhaka during June 26-27, 2003 organized at Bureau of Economic Research, University of Dhaka and with support of World Bank.
|
| 504 |
|
|
|a Includes bibliographical references and index.
|
| 541 |
1 |
|
|e 00015129
|
| 650 |
|
0 |
|a Poverty
|z Bangladesh
|v Congresses.
|
| 651 |
|
0 |
|a Bangladesh
|x Economic policy.
|
| 651 |
|
0 |
|a Bangladesh
|x Social policy.
|
| 700 |
1 |
|
|a Ahmed, Sadiq.
|
| 700 |
1 |
|
|a Mahmud, Wahiduddin.
|
| 710 |
2 |
|
|a World Bank.
|
| 710 |
2 |
|
|a University of Dhaka.
|b Bureau of Economic Research.
|
| 852 |
4 |
|
|a Ayesha Abed Library
|j General Shelf.
|
| 999 |
|
|
|c 4502
|d 4502
|
| 952 |
|
|
|0 0
|1 0
|2 ddc
|4 0
|6 338_954920000000000_GRO_2006
|7 0
|9 4226
|a BRACUL
|b BRACUL
|c GEN
|d 2009-10-12
|g 650.00
|l 3
|m 13
|o 338.95492 GRO
|p 3010015129
|r 2013-06-24
|s 2013-04-18
|t 1
|v 1300.00
|w 2009-10-12
|y BK
|
| 952 |
|
|
|0 0
|1 0
|2 ddc
|4 0
|6 338_954920000000000_GRO_2006
|7 0
|9 4236
|a BRACUL
|b BRACUL
|c GEN
|d 2009-10-12
|g 650.00
|l 1
|m 8
|o 338.95492 GRO
|p 3010015128
|r 2016-03-20
|s 2016-01-24
|t 2
|v 1300.00
|w 2009-10-12
|y BK
|
| 952 |
|
|
|0 0
|1 0
|2 ddc
|4 0
|6 338_954920000000000_GRO
|7 0
|9 19132
|a JPGSPH
|b JPGSPH
|c GEN
|d 2012-01-11
|e MPH
|g 650.00
|l 0
|o 338.95492 GRO
|p 3060024251
|r 2012-01-15
|t 3
|w 2012-01-15
|y BK
|
| 952 |
|
|
|0 0
|1 0
|2 ddc
|4 0
|6 338_954920000000000_GRO
|7 0
|9 52439
|a SCL
|b SCL
|c GEN
|d 2015-02-03
|l 0
|o 338.95492 GRO
|p 3020006672
|r 2015-02-03
|t 4
|w 2015-02-03
|y BK
|